Normal view MARC view
  • Autoestima en niños

Entry Materia

Number of records used in: 197

001 - NÚMERO DE CONTROL DEL REGISTRO

  • campo de control: 356

003 - IDENTIFICADOR DE NUMERO DE CONTROL

  • campo de control: DLC

005 - FECHA Y HORA DE LA ÚLTIMA TRANSACCIÓN

  • campo de control: 20241015122133.0

008 - DATOS DE LONGITUD FIJA

  • campo de control de longitud fija: 241015n||acannbabn n ana |d

010 ## - NÚMERO DE CONTROL DE LA BIBLIOTECA DEL CONGRESO (LC)

  • LC control number: sh 85119796

035 ## - NÚMERO DE CONTROL DEL SISTEMA

  • Número de control del sistema: UPN10000000356

035 ## - NÚMERO DE CONTROL DEL SISTEMA

  • Número de control del sistema: (DLC)sh 85119796

035 ## - NÚMERO DE CONTROL DEL SISTEMA

  • Número de control del sistema: (DLC)115648

040 ## - FUENTE DE LA CATALOGACIÓN

  • Lengua de catalogación: spa
  • Agencia de transcripción: DLC
  • Centro catalogador de origen: DLC
  • Agencia de modificación: DLC
  • Agencia de modificación: MX-MxUPN

053 #4 - NÚMERO CLASIFICADOR - BIBLIOTECA DEL CONGRESO (LC)

  • Elemento numérico de la clasificación - Número único o no. inicial del rango: BF723 S3
  • Frase explicativa: Psicología infantil

053 #4 - NÚMERO CLASIFICADOR - BIBLIOTECA DEL CONGRESO (LC)

  • Elemento numérico de la clasificación - Número único o no. inicial del rango: RJ506 L68
  • Frase explicativa: Psicopatología infantil

150 ## - ENCABEZAMIENTO - TEMÁTICO

  • Término de materia o nombre geográfico como elemento inicial: Autoestima en niños

670 ## - FUENTE EN LA QUE SE LOCALIZARON DATOS

  • Cita de la fuente: Autoridades LC, 15 octubre 2024 :
  • Información localizada: (Self-esteem in children)
  • Identificador Uniforme del Recurso: https://lccn.loc.gov/sh85119796

902 ## - CATALOGADOR

  • Catalogador: MEEG/300904
  • Catalogador: MaríaRobles/151024